| 000 | 01081nam a2200301 a 4500 | ||
|---|---|---|---|
| 003 | DO-SdBNP | ||
| 005 | 20220707135907.0 | ||
| 007 | ta | ||
| 008 | 220614e20212012pr ||||gr|||| 001 edspa d | ||
| 020 | _a9789945455755 | ||
| 040 |
_aDO-SdBNP _bspa _cBNPHU |
||
| 082 | 4 |
_222 _bR788o 2021 _a2021 |
|
| 245 | 1 | 0 |
_aOtros caminos: _bpropuesta para la crisis de Puerto Rico: una fe que busca entendimiento. / _cEditor, Ángel Rosa Vélez |
| 250 | _a2da. ed. rev. | ||
| 260 |
_aSanto Domingo : _bIsla Negra, _c2021 |
||
| 300 |
_a172 p. : _c21 cm. |
||
| 490 | _aVisión y Cegueras | ||
| 500 | _aIncluye datos biográficos del autor en las solapas de la cubiertas. | ||
| 500 | _aIncluye bibliografía y notas al pié de páginas. | ||
| 590 | _aInventariado 2022 / MF | ||
| 651 | 4 |
_916159 _aPuerto Rico _xCondiciones Económicas |
|
| 651 |
_955221 _aPuerto Rico _xCongresos, Conferencias, etc. |
||
| 651 | 4 |
_912600 _aPuerto Rico _xCondiciones Sociales |
|
| 700 | 1 |
_aRosa Vélez, Ángel, _d1950- _91184 |
|
| 830 |
_aVisión y Cegueras _lspa _981860 |
||
| 910 | _aMFeliz | ||
| 942 |
_2ddc _cLBS1 |
||
| 999 |
_c52037 _d52037 |
||